[Event "Challenge"]
[Site "http://www.queenalice.com/game.php?id=233461"]
[Date "2007.7.1"]
[Round "-"]
[White "Furacao"]
[Black "vergueiro"]
[Result "0-1"]
[WhiteElo "1272"]
[BlackElo "1494"]

1. e3 d5 2. b3 e6 3. Nc3 Bd7 4. Qe2 a6 5. Bb2 Bb5 6. d3 Nc6 7. Nf3 Nb4 8. a3
Nxc2+ 9. Qxc2 Bc6 10. Ne5 Ne7 11. f4 Nf5 12. e4 Ne3 13. Qe2 Nxf1 14. Qxf1 dxe4
15. dxe4 f6 16. Nf3 Qd7 17. a4 Rd8 18. b4 Bxb4 19. Rd1 Bxc3+ 20. Bxc3 Qxd1+ 21.
Kf2 Qxa4 22. h4 Qxe4 23. Kg3 Qd3 24. Qxd3 Rxd3 25. Bb4 Kf7 26. h5 h6 27. Re1
Rhd8 28. Kf2 Bxf3 29. Rc1 Bxh5 30. Rxc7+ R8d7 31. Rc8 R7d4 32. Rf8+ Kg6 33. g3
Rf3+ 34. Ke2 Rxb4 35. Rd8 Rb2+ 36. Ke1 Rxg3 37. Rd2 Rb1+ 38. Kf2 Rf3+ 39. Kg2
Kf5 40. Rd7 Rb2+ 41. Kg1 Rc3 0-1

[Event "Challenge"]
[Site "http://www.queenalice.com/game.php?id=233462"]
[Date "2007.7.1"]
[Round "-"]
[White "Furacao"]
[Black "Hovis"]
[Result "0-1"]
[WhiteElo "1350"]
[BlackElo "1445"]

1. e3 e5 2. Qh5 g6 3. Qxe5+ Be7 4. Qxh8 Kf8 5. Qxh7 d5 6. b3 Bf5 7. Bb2 Bf6 8.
d4 Qd7 9. Ba3+ Ne7 10. e4 Qe6 11. c4 Qxe4+ 12. Ne2 Bxd4 13. Nc3 Bxc3+ 14. Kd1
Qd3+ 15. Kc1 Qc2# 0-1

[Event "Challenge"]
[Site "http://www.queenalice.com/game.php?id=233464"]
[Date "2007.7.1"]
[Round "-"]
[White "Furacao"]
[Black "magdaandreia"]
[Result "0-1"]
[WhiteElo "1254"]
[BlackElo "1504"]

1. e3 e5 2. Qh5 Qf6 3. Nc3 g6 4. Qf3 Qf5 5. Nd5 Na6 6. Bxa6 bxa6 7. Nxc7+ Kd8 8.
Nxa8 Qxc2 9. Qf6+ Nxf6 10. b3 Bb7 11. Nf3 e4 12. Ne5 Ke8 13. Nc7+ Qxc7 14. Bb2
Qc2 15. Bd4 Bb4 16. O-O Qxd2 17. Rfd1 Qe2 18. a3 Ba5 19. b4 Bc7 20. h4 d6 21.
Nc4 Ng4 22. Bxh8 Qxf2+ 23. Kh1 Qxh4+ 24. Kg1 Qh2+ 25. Kf1 Qh1+ 26. Ke2 Qxg2+ 27.
Ke1 Qf2# 0-1

[Event "Challenge"]
[Site "http://www.queenalice.com/game.php?id=233465"]
[Date "2007.7.1"]
[Round "-"]
[White "Furacao"]
[Black "kly"]
[Result "1-0"]
[WhiteElo "1265"]
[BlackElo "965"]

1. e3 d5 2. Nf3 e6 3. Ne5 f6 4. Ng4 h5 5. Nxf6+ gxf6 6. Bb5+ Bd7 7. a4 c6 8. Bd3
f5 9. b3 a6 10. c4 Bh6 11. Qxh5+ Kf8 12. cxd5 cxd5 13. O-O Nc6 14. Bb2 Rh7 15.
f4 Na5 16. g4 fxg4 17. Bxh7 Bg7 18. Bxg7+ Kxg7 19. Qg6+ Kf8 20. Qxg8+ Ke7 21.
Qg7+ Kd6 22. Qe5+ Kc6 23. Rc1+ Kb6 24. Qd4# 1-0

[Event "Challenge"]
[Site "http://www.queenalice.com/game.php?id=233471"]
[Date "2007.7.1"]
[Round "-"]
[White "Furacao"]
[Black "cruxial"]
[Result "0-1"]
[WhiteElo "1282"]
[BlackElo "1508"]

1. e3 e5 2. Qh5 Nc6 3. g4 g6 4. Qh3 d5 5. b3 Nf6 6. Qf3 Bxg4 7. Qg3 Bd6 8. h3 e4
9. Qg2 Bf5 10. Bb2 Ne5 11. f4 exf3 12. Nxf3 Be4 13. Be2 Qd7 14. d3 Bxf3 15. Bxf3
Bb4+ 16. c3 Nxd3+ 17. Kd2 Nxb2 18. cxb4 Qb5 19. Ke1 Nd3+ 20. Kd1 Nxb4 21. Nc3
Qd3+ 22. Qd2 Qxd2+ 23. Kxd2 O-O-O 24. Rag1 Ne4+ 25. Bxe4 dxe4+ 26. Ke2 f5 27. a3
Nc2 28. Rc1 Nxa3 29. h4 Rd3 30. Nd5 Rxd5 31. Ra1 Nb5 32. Rhc1 Rhd8 33. Rc2 Rd3
34. Rac1 Rxb3 35. Rd1 Rdd3 36. Rh1 Rxe3+ 37. Kf2 f4 38. Kg2 Rg3+ 39. Kf2 Rh3 40.
Rd1 Rh2+ 41. Ke1 Rxc2 42. Ra1 Rh3 43. Kd1 Rg2 44. Kc1 Rh1# 0-1

[Event "Challenge"]
[Site "http://www.queenalice.com/game.php?id=234125"]
[Date "2007.7.3"]
[Round "-"]
[White "Furacao"]
[Black "mogerio"]
[Result "0-1"]
[WhiteElo "1246"]
[BlackElo "1276"]

1. e3 d5 2. Nc3 Nf6 3. g3 e5 4. Bg2 Nc6 5. b4 b5 6. Nxb5 a6 7. Na3 Nxb4 8. Rb1
Nc6 9. Nf3 Bc5 10. Ng5 Ne4 11. Bxe4 dxe4 12. Qh5 g6 13. Qh6 Bf8 14. Qh4 f6 15.
Nxe4 g5 16. Qh5+ Ke7 17. Nc4 Bf5 18. Ba3+ Kd7 19. Qf7+ Qe7 20. Nxf6+ Kd8 21.
Bxe7+ Bxe7 22. Qd5+ Kc8 23. Qd7+ Bxd7 24. d4 Bxf6 25. O-O Ne7 26. dxe5 Bg7 27.
f4 Bh3 28. Rfd1 gxf4 29. Rd4 Nc6 30. Rxf4 Rb8 31. Rd1 Rf8 32. Kf2 Rd8 33. Ke1
Bxe5 34. Rf5 Rxd1+ 35. Kxd1 Rb1+ 36. Kd2 Bxf5 0-1

[Event "Challenge"]
[Site "http://www.queenalice.com/game.php?id=234126"]
[Date "2007.7.3"]
[Round "-"]
[White "Furacao"]
[Black "pollo"]
[Result "0-1"]
[WhiteElo "1338"]
[BlackElo "1431"]

1. e3 e5 2. Qh5 Nf6 3. Qxe5+ Be7 4. Qg5 Ne4 5. Qxg7 Bf6 6. Qg4 Qe7 7. f3 Nxd2 8.
Bxd2 Bxb2 9. Bc3 Bxa1 10. Bxa1 Rf8 11. Nh3 Nc6 12. a3 Qxe3+ 13. Be2 b5 14. Nf4
d6 15. Qg5 Be6 16. Nxe6 Qxe6 17. Nc3 Kd7 18. Ne4 h6 19. Qxb5 Rab8 20. Qh5 Rb1+
21. Kf2 Rxh1 22. Qg4 Qxg4 23. Nf6+ Ke7 24. Nxg4 Rxa1 25. Nxh6 Rxa3 26. Nf5+ Kd8
27. Bb5 Nb4 28. Ng7 Nxc2 29. Ne6+ Ke7 30. Nxc7 Nd4 31. Nd5+ Ke6 32. Nc7+ Ke7 33.
Nd5+ Ke6 34. Nf4+ Kf5 35. Nd5 Rb8 36. Bd7+ Ke5 37. Nc7 Rb7 38. f4+ Kxf4 39. Nd5+
Ke5 40. Bc8 Rb2+ 41. Kf1 Ra1# 0-1

[Event "Challenge"]
[Site "http://www.queenalice.com/game.php?id=234304"]
[Date "2007.7.3"]
[Round "-"]
[White "Furacao"]
[Black "fernandosoares"]
[Result "1-0"]
[WhiteElo "1240"]
[BlackElo "1319"]

1. e3 a5 2. g3 Ra6 3. Qf3 d6 4. Bc4 Be6 5. d3 d5 6. Bb3 c6 7. e4 dxe4 8. Qh5 g6
9. Qh4 exd3 10. cxd3 h6 11. Nf3 Nd7 12. Nc3 a4 13. Bxa4 b5 14. Bb3 g5 15. Bxg5
f6 16. Bxe6 hxg5 17. Qxh8 Ne5 18. Nxe5 fxe5 19. Qxg8 b4 20. Qf7# 1-0

[Event "Challenge"]
[Site "http://www.queenalice.com/game.php?id=235941"]
[Date "2007.7.7"]
[Round "-"]
[White "Furacao"]
[Black "valmir"]
[Result "1-0"]
[WhiteElo "1322"]
[BlackElo "1231"]

1. e3 e6 2. Nh3 h6 3. Nf4 Qf6 4. Bb5 c6 5. Bd3 Qh4 6. g3 Qf6 7. Qh5 Bd6 8. Nc3
g6 9. Nxg6 fxg6 10. Bxg6+ Kd8 11. Ne4 Qg7 12. Nxd6 Nf6 13. Nf7+ Kc7 14. Qe5+ d6
15. Qxd6+ Kb6 16. Qd4+ c5 17. Qd6+ Kb5 18. Bd3+ c4 19. a4+ Ka5 20. Qc5+ Ka6 21.
Qb5# 1-0

[Event "Challenge"]
[Site "http://www.queenalice.com/game.php?id=238912"]
[Date "2007.7.12"]
[Round "-"]
[White "Furacao"]
[Black "valmir"]
[Result "0-1"]
[WhiteElo "1278"]
[BlackElo "1211"]

1. g3 e6 2. Bg2 Nh6 3. f4 d5 4. d4 Qf6 5. Nc3 Qf5 6. h4 Be7 7. Nb5 Kd8 8. Qd3
Qf6 9. Nf3 a6 10. Ng5 Rf8 11. Nxh7 Qg6 12. h5 Qg4 13. Bf3 Qxg3+ 14. Kd2 Rh8 15.
Qc3 axb5 16. Ng5 Ra4 17. Nxf7+ Nxf7 18. Qb3 Rxd4+ 19. Qd3 Qxf4+ 20. e3 Qxf3 21.
c3 Rg4 22. Qf1 Qe4 23. Rg1 e5 24. b3 d4 25. cxd4 exd4 26. exd4 Qxd4+ 27. Ke1
Qe4+ 28. Kf2 Rxh5 29. Qd1+ Nd7 30. Qxg4 Rh2+ 31. Kf1 Qd3+ 32. Ke1 Bh4+ 33. Qg3
Bxg3+ 34. Rxg3 Qe2# 0-1

[Event "Challenge"]
[Site "http://www.queenalice.com/game.php?id=239673"]
[Date "2007.7.14"]
[Round "-"]
[White "Bobby_Fischer"]
[Black "Furacao"]
[Result "1-0"]
[WhiteElo "1755"]
[BlackElo "1247"]

1. e4 e6 2. d4 Qh4 3. Bd3 Bb4+ 4. c3 Ba5 5. Nf3 Qf6 6. Bg5 Qg6 7. e5 f5 8. exf6
Qf7 9. Ne5 Qf8 10. f7+ Qxf7 11. Nxf7 Kxf7 12. Qf3+ Nf6 13. Bxf6 gxf6 14. Qh5+
Ke7 15. O-O Rg8 16. Qxh7+ Kf8 17. Bg6 Rxg6 18. Qxg6 Nc6 19. Qxf6+ Ke8 20. d5
exd5 21. Re1+ 1-0